Normal view
MARC view
- تاليف الردايدة، أحمد حسن شحادة
Entry Personal Name
001 - CONTROL NUMBER
- control field: 56907
003 - CONTROL NUMBER IDENTIFIER
- control field: JO-AjAnu
005 - DATE AND TIME OF LATEST TRANSACTION
- control field: 20230606083325.0
008 - FIXED-LENGTH DATA ELEMENTS
- fixed length control field: 230606|| aca||aabn | a|a d
040 ## - CATALOGING SOURCE
- Original cataloging agency: JO-AjAnu
- Transcribing agency: JO-AjAnu
100 ## - HEADING--PERSONAL NAME
- Personal name: تاليف الردايدة، أحمد حسن شحادة
670 ## - SOURCE DATA FOUND
- Source citation: Work cat.: (JO-AjAnu)29038: تاليف الردايدة، أحمد حسن شحادة, author, صفحات مطوية في التصوف الاسلامي الشريف السني الحسني الشيخ أحمد بن مصطفى بن عليوه(العلاوي)